01262nam a22001937a 4500008004100000020001800041050001700059100002300076245006500099250001200164260004300176300004100219500002000260505070100280700002300981700002401004700001801028700002201046200204b xxu||||| |||| 00| 0 eng d a9781408072233 aHF1017.A6(e) aAnderson, David R. aStatistics for business and economics. /cDavid R. Anderson. a3rd ed. aHampshire : bCengage Learning,c2014. axii, 638 p. :bill. (col.) ;c26 cm. aIncludes index. aContents: Data and statistics -- Descriptive statistics: tabular and graphical presentations -- Descriptive statistics: numerical measures -- Introduction to probability -- Discrete probability distributions -- Continuous probability distributions -- Sampling and sampling distributions -- Interval estimation --Hypothesis tests -- Statistical inference about means and proportions with two populations -- Inferences about population variances -- Tests of goodness of fit and independence -- Experimental design and analysis of variances -- Simple linear regression -- Multiple regression -- Regression analysis: model building -- Time series analysis and forecasting -- Non-parametric methods.  aSweency, Dennis J. aWilliams, Thomas A. aFreeman, Jim. aShoesmith, Eddie.